| 000 | 00679nam a2200205 4500 | ||
|---|---|---|---|
| 001 | 136557 | ||
| 003 | ES-MaACL | ||
| 005 | 20250919111026.0 | ||
| 007 | t| | ||
| 008 | 070214s1968 sp r ||||1| spa d | ||
| 100 | 1 |
_aRussell, Bertrand, _d1872-1970 _9101033 |
|
| 245 | 1 | 0 |
_aIniciació a la Filosofía / _cBertrand Russell ; próleg de Manuel Sacristán ; [traducció de Jordi Solé-Tura]. |
| 250 | _a2ª ed. | ||
| 260 |
_aBarcelona : _bEd. 62, _c1968. |
||
| 300 |
_a312 p. ; _c20 cm. |
||
| 700 | 1 |
_aSacristán, Manuel, _d1925-1985 _9101268 |
|
| 700 | 1 |
_aSolé Tura, Jordi, _d1930-2009 _9107136 |
|
| 852 |
_aES-MaACL _jC-35804 _bR.68681 |
||
| 999 |
_c136557 _d136557 |
||